The Yoruba diaspora in the Atlantic world / (Record no. 123171)
[ view plain ]
| 000 -LEADER | |
|---|---|
| fixed length control field | 02814cam a2200337 a 4500 |
| 001 - CONTROL NUMBER | |
| control field | 13623907 |
| 005 - DATE AND TIME OF LATEST TRANSACTION | |
| control field | 20150914151117.0 |
| 008 - FIXED-LENGTH DATA ELEMENTS--GENERAL INFORMATION | |
| fixed length control field | 040615s2004 inua b 001 0 eng |
| 010 ## - LIBRARY OF CONGRESS CONTROL NUMBER | |
| LC control number | 2004013528 |
| 020 ## - INTERNATIONAL STANDARD BOOK NUMBER | |
| International Standard Book Number | 0253344581 (cloth : alk. paper) |
| 020 ## - INTERNATIONAL STANDARD BOOK NUMBER | |
| International Standard Book Number | 0253217164 (pbk. : alk. paper) |
| 040 ## - CATALOGING SOURCE | |
| Original cataloging agency | DLC |
| Transcribing agency | DLC |
| Modifying agency | DLC |
| 043 ## - GEOGRAPHIC AREA CODE | |
| Geographic area code | fw----- |
| -- | n------ |
| -- | s------ |
| 050 00 - LIBRARY OF CONGRESS CALL NUMBER | |
| Classification number | E29.Y67 |
| Item number | Y67 2004 |
| 082 00 - DEWEY DECIMAL CLASSIFICATION NUMBER | |
| Classification number | 970/.00496333 |
| Edition number | 22 |
| 245 04 - TITLE STATEMENT | |
| Title | The Yoruba diaspora in the Atlantic world / |
| Statement of responsibility, etc | edited by Toyin Falola and Matt D. Childs. |
| 260 ## - PUBLICATION, DISTRIBUTION, ETC. (IMPRINT) | |
| Place of publication, distribution, etc | Bloomington : |
| Name of publisher, distributor, etc | Indiana University Press, |
| Date of publication, distribution, etc | c2004. |
| 300 ## - PHYSICAL DESCRIPTION | |
| Extent | xii, 455 p. : |
| Other physical details | ill. ; |
| Dimensions | 24 cm. |
| 440 #0 - SERIES STATEMENT/ADDED ENTRY--TITLE | |
| Title | Blacks in the diaspora |
| 9 (RLIN) | 19117 |
| 504 ## - BIBLIOGRAPHY, ETC. NOTE | |
| Bibliography, etc | Includes bibliographical references (p. 405-445) and index. |
| 505 0# - FORMATTED CONTENTS NOTE | |
| Formatted contents note | The Yoruba diaspora in the Atlantic world : methodology and research / Matt D. Childs and Toyin Falola -- The diaspora of Yoruba speakers, 1650-1865 : dimensions and implications / David Eltis -- The Yoruba factor in the trans-Atlantic slave trade / Paul E. Lovejoy -- The enslavement of Yoruba / Ann O'Hear -- Nagô and Mina : the Yoruba diaspora in Brazil / João José Reis and Beatriz Gallotti Mamigonian -- The Yoruba in Cuba : origins, identities, and transformations / Michele Reid -- Africans in a colony of creoles : the Yoruba in colonial Costa Rica / Russell Lohse -- Yoruba in the British Caribbean : a comparative perspective on Trinidad and the Bahamas / Rosalyn Howard -- The influential Yoruba past in Haiti / Kevin Roberts -- The "nagôization" process in Bahian candomblé / Luis Nicolau Parés -- Santería in Cuba : tradition and transformation / Christine Ayorinde -- From Gbe to Yoruba : ethnic change and the Mina nation in Rio de Janeiro / Mariza C. Soares -- Yoruba family, gender, and kinship roles in new world slavery / Kevin Roberts -- Revolution and religion : Yoruba sacred music in socialist Cuba / Robin Moore -- Reclaiming the past : Yoruba elements in African American arts / Babatunde Lawal -- "Yorubaisms" in African American "speech" patterns / Augustine H. Agwuele -- Yoruba liberated slaves who returned to West Africa / Robin Law -- The Yoruba diaspora in Sierra Leone's Krio society / C. Magbaily Fyle -- Liberated slaves and Islam in nineteenth-century West Africa / Gibril R. Cole. |
| 650 #0 - SUBJECT ADDED ENTRY--TOPICAL TERM | |
| Topical term or geographic name as entry element | Yoruba (African people) |
| Geographic subdivision | America |
| General subdivision | History. |
| 9 (RLIN) | 19118 |
| 650 #0 - SUBJECT ADDED ENTRY--TOPICAL TERM | |
| Topical term or geographic name as entry element | Slavery |
| Geographic subdivision | America |
| General subdivision | History. |
| 9 (RLIN) | 12645 |
| 650 #0 - SUBJECT ADDED ENTRY--TOPICAL TERM | |
| Topical term or geographic name as entry element | Return migration |
| Geographic subdivision | Africa, West. |
| 9 (RLIN) | 19119 |
| 650 #0 - SUBJECT ADDED ENTRY--TOPICAL TERM | |
| Topical term or geographic name as entry element | African diaspora. |
| 9 (RLIN) | 4670 |
| 700 1# - ADDED ENTRY--PERSONAL NAME | |
| Personal name | Falola, Toyin. |
| 9 (RLIN) | 19120 |
| 700 1# - ADDED ENTRY--PERSONAL NAME | |
| Personal name | Childs, Matt D., |
| Dates associated with a name | 1970- |
| 9 (RLIN) | 19121 |
| 906 ## - LOCAL DATA ELEMENT F, LDF (RLIN) | |
| a | 7 |
| b | cbc |
| c | orignew |
| d | 1 |
| e | ecip |
| f | 20 |
| g | y-gencatlg |
| 942 ## - ADDED ENTRY ELEMENTS (KOHA) | |
| Source of classification or shelving scheme | Library of Congress Classification |
| Item type | Monograph ( Printed materials) |
| Withdrawn status | Lost status | Source of classification or shelving scheme | Damaged status | Not for loan | Collection code | Home library | Current library | Shelving location | Date acquired | Total Checkouts | Full call number | Barcode | Date last seen | Date last borrowed | Price effective from | Koha item type |
|---|---|---|---|---|---|---|---|---|---|---|---|---|---|---|---|---|
| Library of Congress Classification | Main Collection | ARRUPE LIBRARY | ARRUPE LIBRARY | Main Collection | 28/08/2015 | 2 | E29.Y67 Y67 2004 | 46500004072 | 13/12/2017 | 19/09/2016 | 28/08/2015 | Monograph ( Printed materials) |